Dynamics of people's participation in decentralized planning: a study in Orissa (Record no. 12923)

MARC details
000 -LEADER
fixed length control field 00549nam a2200169Ia 4500
082 ## - DEWEY DECIMAL CLASSIFICATION NUMBER
Classification number TS.0947
100 ## - MAIN ENTRY--AUTHOR NAME
Personal name Sethy, Sitakanta
245 #0 - TITLE STATEMENT
Title Dynamics of people's participation in decentralized planning: a study in Orissa
250 ## - EDITION STATEMENT
Edition statement University of Mysore
260 ## - PUBLICATION, DISTRIBUTION, ETC. (IMPRINT)
Name of publisher Institute for Social and Economic Change
Year of publication 2003
300 ## - PHYSICAL DESCRIPTION
Number of Pages 267
504 ## - BIBLIOGRAPHY, ETC. NOTE
Bibliography, etc includes bibliography
650 ## - SUBJECT ADDED ENTRY--TOPICAL TERM
Topical Term Decentralization in government
Geographic subdivision Orissa
650 ## - SUBJECT ADDED ENTRY--TOPICAL TERM
Topical Term Non-Governmental Organizations (NGOs)
-- Local government
Geographic subdivision Orissa
700 ## - ADDED ENTRY--PERSONAL NAME
Personal name Sivanna, N.
942 ## - ADDED ENTRY ELEMENTS (KOHA)
Koha item type Thesis
Holdings
Withdrawn status Lost status Damaged status Not for loan Home library Current library Date acquired Source of acquisition Bill Date Full call number Accession Number Price effective from Koha item type
        NASSDOC Library NASSDOC Library 12/07/2006 Gifted by : Fellowship Division, ICSSR 2006-06-20 TS.0947 41923 18/04/2019 Thesis